Ubat & perubatan cara Nabi S.A.W. : (Record no. 876)
[ view plain ]
| 000 -LEADER | |
|---|---|
| fixed length control field | nam a22 a 4500 |
| 003 - CONTROL NUMBER IDENTIFIER | |
| control field | AKMAL |
| 005 - DATE AND TIME OF LATEST TRANSACTION | |
| control field | 20170505160708.0 |
| 008 - FIXED-LENGTH DATA ELEMENTS--GENERAL INFORMATION | |
| fixed length control field | 170505s1996 my 00 may d |
| 020 ## - INTERNATIONAL STANDARD BOOK NUMBER | |
| International Standard Book Number | 9830461181 (kkt.): |
| Terms of availability | RM 4.00 |
| 040 ## - CATALOGING SOURCE | |
| Original cataloging agency | AKMAL |
| 082 04 - DEWEY DECIMAL CLASSIFICATION NUMBER | |
| Classification number | 297.1228 UBA |
| 090 00 - LOCALLY ASSIGNED LC-TYPE CALL NUMBER (OCLC); LOCAL CALL NUMBER (RLIN) | |
| Classification number (OCLC) (R) ; Classification number, CALL (RLIN) (NR) | 297.1228 |
| Local cutter number (OCLC) ; Book number/undivided call number, CALL (RLIN) | UBA |
| 100 1# - MAIN ENTRY--PERSONAL NAME | |
| Personal name | Tantawi, Tariq |
| 9 (RLIN) | 1875 |
| 245 10 - TITLE STATEMENT | |
| Title | Ubat & perubatan cara Nabi S.A.W. : |
| Remainder of title | berdasarkan hadith-hadith sahih / |
| Statement of responsibility, etc. | Taariq Tantaawi ; alih bahasa dan tambahan: Àbdullah Al-Qari bin Hj. Salleh |
| 260 ## - PUBLICATION, DISTRIBUTION, ETC. | |
| Place of publication, distribution, etc. | Kuala Lumpur : |
| Name of publisher, distributor, etc. | Darul Nu'man, |
| Date of publication, distribution, etc. | 1996 |
| 300 00 - PHYSICAL DESCRIPTION | |
| Extent | viii, 63ms. ; |
| Dimensions | 19cm |
| 650 #0 - SUBJECT ADDED ENTRY--TOPICAL TERM | |
| Topical term or geographic name entry element | Medicine in the Qur'an |
| 9 (RLIN) | 1848 |
| 650 #0 - SUBJECT ADDED ENTRY--TOPICAL TERM | |
| Topical term or geographic name entry element | Medicine |
| General subdivision | Religious aspects |
| -- | Islam |
| 9 (RLIN) | 1849 |
| 700 0# - ADDED ENTRY--PERSONAL NAME | |
| Personal name | Abdullah al-Qari Hj. Salleh, |
| Dates associated with a name | 1937-, |
| Relator term | ptrj. |
| 9 (RLIN) | 1820 |
| 942 ## - ADDED ENTRY ELEMENTS (KOHA) | |
| Source of classification or shelving scheme | |
| Koha item type | Book |
| Withdrawn status | Lost status | Source of classification or shelving scheme | Damaged status | Not for loan | Collection code | Home library | Current library | Shelving location | Date acquired | Inventory number | Total Checkouts | Full call number | Barcode | Date last seen | Price effective from | Koha item type |
|---|---|---|---|---|---|---|---|---|---|---|---|---|---|---|---|---|
| NON-FICTION | AKMAL Melaka | AKMAL Melaka | PINJAMAN | 05.05.2017 | 200802 | 297.1228 UBA | 201701937 | 05.05.2017 | 05.05.2017 | Book | ||||||
| NON-FICTION | AKMAL Melaka | AKMAL Melaka | PINJAMAN | 05.05.2017 | 200783 | 297.1228 UBA | 201701936 | 05.05.2017 | 05.05.2017 | Book |
